000 00493nam a2200169Ia 4500
008 240729s9999 xx 000 0 und d
022 _a1349-8029
245 0 _aNeurologia Medico-Chirurgica
260 _aJapan
260 _bThe Japan Neurosurgical Society
650 _a Internal medicine
650 _a Neurosciences. Biological psychiatry. Neuropsychiatry
650 _aMedicine
856 _uhttps://doaj.org/toc/be519115244b4e6fa0255714192487e2
942 _2ddc
942 _cDOAJEJ
999 _c66341
_d66341
945 _a1
_bMadushi Gamage
_c1
_dMadushi Gamage